Плазмохимический синтез оксидных композиций из отходов после подготовки воды из подземных источников; Изотопы: технологии, материалы и применение

التفاصيل البيبلوغرافية
Parent link:Изотопы: технологии, материалы и применение.— 2018.— [С. 65]
المؤلف الرئيسي: Кайдаров А. Е.
مؤلف مشترك: Национальный исследовательский Томский политехнический университет Инженерная школа ядерных технологий Отделение ядерно-топливного цикла
مؤلفون آخرون: Каренгин А. А. Алексей Александрович (научный руководитель), Каренгин А. Г. Александр Григорьевич
الملخص:Заглавие с титульного экрана
اللغة:الروسية
منشور في: 2018
سلاسل:Плазменные техника и технологии в ядерно-топливном цикле
الموضوعات:
الوصول للمادة أونلاين:http://earchive.tpu.ru/handle/11683/52404
التنسيق: MixedMaterials الكتروني فصل الكتاب
KOHA link:https://koha.lib.tpu.ru/cgi-bin/koha/opac-detail.pl?biblionumber=628977

MARC

LEADER 00000naa2a2200000 4500
001 628977
005 20240117120931.0
035 |a (RuTPU)RU\TPU\conf\29351 
035 |a RU\TPU\conf\29350 
090 |a 628977 
100 |a 20190118d2018 k y0rusy50 ca 
101 0 |a rus 
102 |a RU 
105 |a y z 101zy 
135 |a drgn ---uucaa 
181 0 |a i  
182 0 |a b 
200 1 |a Плазмохимический синтез оксидных композиций из отходов после подготовки воды из подземных источников  |f А. Е. Кайдаров, А. А. Каренгин  |g науч. рук. А. Г. Каренгин 
203 |a Текст  |c электронный 
225 1 |a Плазменные техника и технологии в ядерно-топливном цикле 
300 |a Заглавие с титульного экрана 
320 |a [Библиогр.: с. 65 (2 назв.)] 
463 0 |0 (RuTPU)RU\TPU\conf\29266  |t Изотопы: технологии, материалы и применение  |o материалы V Международной научной конференции молодых ученых, аспирантов и студентов, г. Томск, 19-23 ноября 2018 г.  |f Национальный исследовательский Томский политехнический университет (ТПУ)  |v [С. 65]  |d 2018 
610 1 |a электронный ресурс 
610 1 |a труды учёных ТПУ 
610 1 |a плазмохимический синтез 
610 1 |a оксидные композиции 
610 1 |a отходы 
610 1 |a подготовка воды 
610 1 |a подземные источники 
610 1 |a подземные водозаборы 
610 1 |a пресные воды 
700 1 |a Кайдаров  |b А. Е. 
701 1 |a Каренгин  |b А. А.  |c физик  |c инженер-исследователь Томского политехнического университета  |f 1989-  |g Алексей Александрович  |3 (RuTPU)RU\TPU\pers\32973 
702 1 |a Каренгин  |b А. Г.  |c физик  |c доцент Томского политехнического университета, кандидат физико-математических наук  |f 1950-  |g Александр Григорьевич  |4 727  |9 10751 
712 0 2 |a Национальный исследовательский Томский политехнический университет  |b Инженерная школа ядерных технологий  |b Отделение ядерно-топливного цикла  |3 (RuTPU)RU\TPU\col\23554 
801 2 |a RU  |b 63413507  |c 20190122  |g RCR 
856 4 |u http://earchive.tpu.ru/handle/11683/52404 
942 |c BK